000 01091cam a22002774a 4500
001 13915352
005 20240826114325.0
008 050330s2006 njua b 000 0 eng
020 _a0471386375 (cloth)
020 _a9780471386377
050 0 0 _aRJ504
_b.S516 2006
082 0 0 _a618.92/8914
_222
100 1 _aShapiro, Jeremy P.
245 1 0 _aChild and adolescent therapy :
_bscience and art /
_cby Jeremy P. Shapiro, Robert D. Friedberg, Karen K. Bardenstein.
260 _aHoboken, NJ :
_bJ. Wiley,
_cc2006.
300 _axiii, 605 p. :
_bill. ;
_c26 cm.
500 _aIncludes index
650 0 _aChild psychotherapy.
650 0 _aAdolescent psychotherapy.
700 1 _aFriedberg, Robert D.,
_d1955-
700 1 _aBardenstein, Karen K.
856 4 2 _3Contributor biographical information
_uhttp://www.loc.gov/catdir/enhancements/fy0624/2005047032-b.html
856 4 2 _3Publisher description
_uhttp://www.loc.gov/catdir/enhancements/fy0624/2005047032-d.html
856 4 1 _3Table of contents only
_uhttp://www.loc.gov/catdir/enhancements/fy0624/2005047032-t.html
942 _2lcc
_cBK
_n0
999 _c16
_d16